| 000 | 00760nam a22002177a 4500 | ||
|---|---|---|---|
| 999 |
_c13198 _d13198 |
||
| 003 | AR-CdUCM | ||
| 008 | 190411b ||||| |||| 00| 0 spa d | ||
| 040 |
_aMUNICIPALIDAD PROVINCIAL DEL CUSCO _cBIBLIOTECA MUNICIPAL DEL CUSCO |
||
| 082 |
_a891.32 / _bD93 |
||
| 100 |
_aDostoiewski, Fedor _910349 |
||
| 245 | _aLa casa de los muertos / | ||
| 260 |
_aEspaña : _bZeus, _c1963. |
||
| 300 |
_a434 páginas ; _c18 cm. |
||
| 505 | _aContenido : Introducción -- La casa de los muertos -- Primeras impresiones -- Primeras impresiones (continuación) -- El primer mes ... | ||
| 650 |
_aLiteratura _983 |
||
| 650 |
_aEspañola _924066 |
||
| 650 |
_aUniversal _918236 |
||
| 700 |
_aRial Carné, Alejandro _931446 |
||
| 942 |
_2ddc _cLIBROS |
||
| 945 |
_arah _d11/04/2019 |
||